00934nam a22002417a 450000500170000001000130001702000220003003500130005203700160006504000120008108200180009310000270011124501020013826000460024027000720028630000310035850000510038965000400044065000410048094200270052199900190054895201250056720170124110011.0 aA-896750 c00.00a0195641019 aA-896750 bCen Lib/Ret aDPLbEN a305.5633bGUP aGupta, Dipankar917823 aRivalry and brotherhood :cby Dipankar Gupta bpolitics in the life of farmers in northen India / aNew DelhibOxford University Press c1997 aYACM Library Building, Jai Singh Road bNew Delhie110001 axi,218p. :c21cm(Hb)bill. aIncludes bibliographical references and index. aPeasants--Political activity917824 aJats--Politics and government917825 2ddccENh305.5633mGUP c126555d126555 00104070aLbLd2015-06-25eCen Lib/Retg0.00l0o305.5633 GUPpA-896750r2015-06-25 00:00:00t1v0.00w2015-06-25yEN